<?xml version="1.0" encoding="UTF-8"?>
<record
    xmlns:xsi="http://www.w3.org/2001/XMLSchema-instance"
    xsi:schemaLocation="http://www.loc.gov/MARC21/slim http://www.loc.gov/standards/marcxml/schema/MARC21slim.xsd"
    xmlns="http://www.loc.gov/MARC21/slim">

  <leader>01495nam a2200325 i 4500</leader>
  <controlfield tag="003">PPAK</controlfield>
  <controlfield tag="005">20250610124038.0</controlfield>
  <controlfield tag="008">250610s2023    ii a   j      000 f tam d</controlfield>
  <datafield tag="020" ind1=" " ind2=" ">
    <subfield code="a">9788119063765</subfield>
    <subfield code="c">RM 30.80</subfield>
    <subfield code="q">paperback</subfield>
  </datafield>
  <datafield tag="040" ind1=" " ind2=" ">
    <subfield code="a">PPAK</subfield>
    <subfield code="b">eng</subfield>
    <subfield code="c">PPAK</subfield>
    <subfield code="e">rda</subfield>
  </datafield>
  <datafield tag="082" ind1="0" ind2="4">
    <subfield code="2">23</subfield>
    <subfield code="a">894.8113</subfield>
  </datafield>
  <datafield tag="090" ind1="0" ind2="0">
    <subfield code="a">894.8113</subfield>
    <subfield code="b">KAR</subfield>
    <subfield code="d">K</subfield>
  </datafield>
  <datafield tag="100" ind1="1" ind2=" ">
    <subfield code="6">880-01</subfield>
    <subfield code="a">Karnavar, Gopala Krishna,</subfield>
    <subfield code="e">author.</subfield>
  </datafield>
  <datafield tag="242" ind1="1" ind2="0">
    <subfield code="a">Hunting horse.</subfield>
    <subfield code="y">eng</subfield>
  </datafield>
  <datafield tag="245" ind1="1" ind2="0">
    <subfield code="6">880-02</subfield>
    <subfield code="a">Vettai Kuthirai /</subfield>
    <subfield code="c">Gopala Krishna Karnavar ; Illustrations : Pillai</subfield>
  </datafield>
  <datafield tag="264" ind1=" " ind2="1">
    <subfield code="a">Trichy : </subfield>
    <subfield code="b">Tamil Publishing House, </subfield>
    <subfield code="c">2023</subfield>
  </datafield>
  <datafield tag="300" ind1=" " ind2=" ">
    <subfield code="a">24 pages :</subfield>
    <subfield code="b">colour illustrations ;</subfield>
    <subfield code="c">24 cm</subfield>
  </datafield>
  <datafield tag="336" ind1=" " ind2=" ">
    <subfield code="a">text</subfield>
    <subfield code="2">rdacontent</subfield>
  </datafield>
  <datafield tag="337" ind1=" " ind2=" ">
    <subfield code="a">unmediated</subfield>
    <subfield code="2">rdamedia</subfield>
  </datafield>
  <datafield tag="338" ind1=" " ind2=" ">
    <subfield code="a">volume</subfield>
    <subfield code="2">rdacarrier</subfield>
  </datafield>
  <datafield tag="500" ind1=" " ind2=" ">
    <subfield code="a">A collection of short stories</subfield>
  </datafield>
  <datafield tag="520" ind1=" " ind2=" ">
    <subfield code="a">Have you seen the stars flying at night? Yes! You thought right. We mentioned fireflies. How do they glow? What do grasshoppers eat? What are the dangers of aphids? You will learn all about them through these science stories.</subfield>
  </datafield>
  <datafield tag="546" ind1=" " ind2=" ">
    <subfield code="a">Text in Tamil.</subfield>
  </datafield>
  <datafield tag="650" ind1="1" ind2="0">
    <subfield code="a">Children's stories, Tamil </subfield>
  </datafield>
  <datafield tag="650" ind1="2" ind2="0">
    <subfield code="a">Short stories </subfield>
  </datafield>
  <datafield tag="700" ind1="0" ind2=" ">
    <subfield code="a">Pillai,</subfield>
    <subfield code="e">illustrator.</subfield>
  </datafield>
  <datafield tag="880" ind1="1" ind2=" ">
    <subfield code="6">100-01</subfield>
    <subfield code="a">&#xB95;&#xBBE;&#xBB0;&#xBCD;&#xBA9;&#xBB5;&#xBB0;&#xBCD;, &#xB95;&#xBCB;&#xBAA;&#xBBE;&#xBB2; &#xB95;&#xBBF;&#xBB0;&#xBC1;&#xBB7;&#xBCD;&#xBA3;,</subfield>
    <subfield code="e">&#xB86;&#xB9A;&#xBBF;&#xBB0;&#xBBF;&#xBAF;&#xBB0;&#xBCD;.</subfield>
  </datafield>
  <datafield tag="880" ind1="1" ind2="0">
    <subfield code="6">245-02</subfield>
    <subfield code="a">&#xBB5;&#xBC7;&#xB9F;&#xBCD;&#xB9F;&#xBC8;&#xB95;&#xBCD; &#xB95;&#xBC1;&#xBA4;&#xBBF;&#xBB0;&#xBC8; /</subfield>
    <subfield code="c">&#xB95;&#xBCB;&#xBAA;&#xBBE;&#xBB2; &#xB95;&#xBBF;&#xBB0;&#xBC1;&#xBB7;&#xBCD;&#xBA3; &#xB95;&#xBB0;&#xBCD;&#xBA3;&#xBB5;&#xBB0;&#xBCD; ; &#xB9A;&#xBBF;&#xBA4;&#xBCD;&#xBA4;&#xBBF;&#xBB0;&#xB99;&#xBCD;&#xB95;&#xBB3;&#xBCD;: &#xBAA;&#xBBF;&#xBB3;&#xBCD;&#xBB3;&#xBC8;</subfield>
  </datafield>
  <datafield tag="942" ind1=" " ind2=" ">
    <subfield code="2">ddc</subfield>
    <subfield code="c">B</subfield>
  </datafield>
  <datafield tag="999" ind1=" " ind2=" ">
    <subfield code="c">199743</subfield>
    <subfield code="d">199743</subfield>
  </datafield>
  <datafield tag="952" ind1=" " ind2=" ">
    <subfield code="0">0</subfield>
    <subfield code="7">0</subfield>
    <subfield code="b">PPAK</subfield>
    <subfield code="c">K</subfield>
    <subfield code="d">2025-07-14</subfield>
    <subfield code="l">0</subfield>
    <subfield code="o">K 894.8113 KAR</subfield>
    <subfield code="p">A01870936</subfield>
    <subfield code="r">2025-07-14 12:55:48</subfield>
    <subfield code="y">B</subfield>
  </datafield>
  <datafield tag="952" ind1=" " ind2=" ">
    <subfield code="0">0</subfield>
    <subfield code="7">0</subfield>
    <subfield code="b">SP</subfield>
    <subfield code="c">K</subfield>
    <subfield code="d">2025-07-14</subfield>
    <subfield code="l">0</subfield>
    <subfield code="o">K 894.8113 KAR</subfield>
    <subfield code="p">A01870937</subfield>
    <subfield code="r">2025-07-14 12:55:48</subfield>
    <subfield code="y">B</subfield>
  </datafield>
</record>
